000 00644nam a2200181Ia 4500
008 090124s9999 xx 000 0 und d
082 _b20379
_a1519
100 _aसिंदकर नरेंद्र
245 _a क्रेमलिनच्या बुरुजावरुन
250 _a1
260 _c1974
300 _a246
600 _aसिंदकर नरेंद्र
630 _a क्रेमलिनच्या बुरुजावरुन
700 _aसिंदकर नरेंद्र
730 _a क्रेमलिनच्या बुरुजावरुन
942 _cBOOK
999 _c134185
_d134185